| 000 | 01313nam a2200361 i 4500 | ||
|---|---|---|---|
| 001 | 192632 | ||
| 003 | SpMaBN | ||
| 005 | 20240224063115.0 | ||
| 007 | ta | ||
| 008 | 230516s2000 sp | ||| ||spa | ||
| 016 | 7 |
_abimoBNE20010438218 _2SpMaBN |
|
| 017 |
_aGI 1376-2000 _bOficina Depósito Legal Girona |
||
| 020 | _a8495483041 | ||
| 035 | _a(OCoLC)434003052 | ||
| 040 |
_aSpMaBN _bspa _cES-MaACL _erda |
||
| 080 | _a77(460)"19" | ||
| 100 | 1 |
_aInsenser, Elisabet, _9176411 _eaut |
|
| 245 | 1 | 3 |
_aLa fotografía en España en el período de entreguerras : _bnotas y documentos para una historia de la fotografía en España / _cElisabet Insenser |
| 264 | 1 |
_aGirona : _bCCG, _bCentre de Recerca i Difusió de la Imatge (CRDI), _c2000 |
|
| 300 |
_a256 páginas : _bilustraciones(blanco y negro) ; _c21 cm |
||
| 336 |
_2rdacontent _aTexto |
||
| 337 |
_2rdamedia _asin mediación |
||
| 338 |
_2rdacarrier _avolumen |
||
| 490 | 1 |
_aBiblioteca de la imagen ; _v2 |
|
| 500 | _aÍndice | ||
| 504 | _aBibliografía: páginas 233-256 | ||
| 650 | 4 |
_aFotografía- _zEspaña _2embne _912950 |
|
| 830 | 1 | 0 |
_aBiblioteca de la imagen ; _v2 _9176412 |
| 852 |
_aES-MaACL _bR. 130559 _jN-8261 _cDEPOJ _9199926 _zCompra |
||
| 942 |
_cMONOGRAFIA _n0 |
||
| 999 |
_c192632 _d192632 |
||